000 00400 a2200133 4500
001 ART_3525
005 20260410161715.0
008 260409a
245 1 0 _aEl mercado de plaguicidas en la Argentina
100 1 _aLeón, Carlos A.
700 1 _aDAmato, Laura
700 1 _aIturregui, María E.
773 0 _tDesarrollo económico
_g- Vol. 27, Nº 105 (abr./jun. 1987)
_wREV1174
999 _c16472
_d16472